LEADER 00886oam 2200217z- 450 001 996280245203316 010 $a1-4799-4321-5 035 $a(CKB)3780000000082552 035 $a(EXLCZ)993780000000082552 100 $a20220628c2014uuuu -u- - 101 0 $aeng 200 00$aComputing for Geospatial Research and Application (COM.Geo), 2014 Fifth International Conference on 210 $cIEEE 311 $a1-4799-4320-7 517 $a2014 5th International Conference on Computing for Geospatial Research and Application 517 $a2014 Fifth International Conference on Computing for Geospatial Research and Application 517 $aComputing for Geospatial Research and Application 906 $aPROCEEDING 912 $a996280245203316 996 $aComputing for Geospatial Research and Application (COM.Geo), 2014 Fifth International Conference on$92539031 997 $aUNISA